[Event "Reykjavik op"]
[Site "Reykjavik ISL"]
[Date "2018.03.10"]
[Round "5.74"]
[White "Atanasov, Anthony"]
[Black "Baldvinsson, Loftur"]
[Result "1-0"]
[WhiteElo "1767"]
[BlackElo "1977"]
[PlyCount "111"]
[EventDate "2018.03.06"]
[EventType "swiss"]
[EventRounds "9"]
[EventCountry "ISL"]
[Source "ChessMix"]
[SourceDate "2018.03.20"]

1. d4 Nf6 2. Bf4 g6 3. Nf3 Bg7 4. c4 O-O 5. Nc3 d6 6. e3 Nbd7 7. Be2 Nh5 8. Bg5
h6 9. Bh4 f5 10. Rc1 Nhf6 11. b4 a5 12. a3 e5 13. dxe5 dxe5 14. Bg3 axb4 15.
axb4 Qe7 16. c5 g5 17. h3 f4 18. exf4 exf4 19. Bh2 Rd8 20. Qb3+ Kh8 21. O-O Nf8
22. Bc4 Ng6 23. Rfe1 Qf8 24. Qc2 Ne7 25. Rxe7 Qxe7 26. Re1 Qd7 27. Ne5 Qf5 28.
Qb3 Nd5 29. Nxd5 Bxe5 30. Ne7 Qf6 31. Rxe5 Ra1+ 32. Bf1 Kg7 33. Rd5 Be6 34. g4
Rxf1+ 35. Kxf1 Qxe7 36. Qc3+ Kf7 37. Rd3 Rxd3 38. Qxd3 Qf6 39. Kg2 c6 40. Bg1
Bd5+ 41. f3 Qb2+ 42. Bf2 Qxb4 43. Qh7+ Ke8 44. Qg6+ Kd8 45. Qxh6 Qd2 46. Qxg5+
Kc7 47. Qe5+ Kc8 48. h4 Bc4 49. h5 Be2 50. h6 Qd1 51. Qf5+ Kd8 52. Bh4+ Kc7 53.
Qxf4+ Kc8 54. Qf8+ Kc7 55. Qd6+ Qxd6 56. cxd6+ 1-0

[Event "Reykjavik op"]
[Site "Reykjavik ISL"]
[Date "2018.03.11"]
[Round "6.44"]
[White "Pantzar, Milton"]
[Black "Atanasov, Anthony"]
[Result "1/2-1/2"]
[WhiteElo "2263"]
[BlackElo "1767"]
[PlyCount "275"]
[EventDate "2018.03.06"]
[EventType "swiss"]
[EventRounds "9"]
[EventCountry "ISL"]
[Source "Mark Crowther"]
[SourceDate "2018.03.19"]

1. d4 Nf6 2. c4 g6 3. Nf3 Bg7 4. e3 O-O 5. Be2 c6 6. b3 d5 7. Bb2 Ne4 8. O-O
Nd7 9. Na3 a6 10. Nc2 b5 11. Nb4 Bb7 12. Qc2 a5 13. Nd3 bxc4 14. bxc4 Ba6 15.
Nde5 Nxe5 16. Nxe5 Rc8 17. Rfc1 f6 18. Nf3 Nd6 19. Nd2 f5 20. Bf1 Qd7 21. Qa4
Rb8 22. Ba3 dxc4 23. Nxc4 Bb5 24. Qxa5 Ra8 25. Qc3 Ne4 26. Qb3 Bxc4 27. Qxc4+
Kh8 28. Bb4 c5 29. Bxc5 f4 30. Qc2 Nxc5 31. Qxc5 fxe3 32. fxe3 Qe6 33. Qc3 Rxa2
34. Rxa2 Qxa2 35. Rc2 Qb1 36. Rf2 Rxf2 37. Kxf2 Qf5+ 38. Kg1 h5 39. Bd3 Qe6 40.
Bc2 Kh7 41. Kf2 Qf6+ 42. Ke2 Qh4 43. Qc6 Qg4+ 44. Kd2 Qg5 45. Qe4 Qa5+ 46. Ke2
Qg5 47. g3 Bf6 48. Bd3 Bg7 49. Qf3 Qa5 50. Qf7 Qg5 51. Qf3 Qa5 52. Qe4 Qg5 53.
Kf2 Qf6+ 54. Kg2 Qg5 55. Qf3 Kh6 56. Qe4 Qf6 57. h4 Qd6 58. Kh3 Qd7+ 59. Kh2
Qd6 60. Kg2 Qf6 61. Kh3 Kh7 62. Kg2 Kh6 63. Bc2 Kh7 64. g4 hxg4 65. Qxg4 Bh6
66. Qe4 Kg7 67. Bd3 Kg8 68. Kg3 Kg7 69. Be2 Qd6+ 70. Kg2 Qf6 71. Bd1 Kg8 72.
Bg4 Kg7 73. Kg3 Qd6+ 74. Kg2 Qf6 75. Be2 Qf7 76. Bf3 Qf6 77. Kf2 Qd6 78. Bg2
Qf6+ 79. Ke1 Qd6 80. Bf1 Qb4+ 81. Kf2 Qd6 82. Bd3 Qh2+ 83. Kf1 Qh3+ 84. Ke2
Qh2+ 85. Kd1 Qg1+ 86. Kc2 Qh2+ 87. Kc3 Qc7+ 88. Bc4 Qa5+ 89. Kb3 Qb6+ 90. Kc2
Qf6 91. Kc3 Kh7 92. h5 Bg5 93. Bd3 Kg7 94. hxg6 Qf2 95. Qe5+ Bf6 96. Qh5 Qh4
97. Qf3 Qe1+ 98. Kc2 Qa5 99. Qh3 Qa2+ 100. Kd1 Qa1+ 101. Ke2 Qa2+ 102. Kf3 Qg8
103. Bf5 Qa8+ 104. Kg4 Qd5 105. Qh7+ Kf8 106. Qh6+ Kg8 107. Qh7+ Kf8 108. Qh2
Qb3 109. Qh6+ Bg7 110. Qf4 Bf6 111. Qf3 Kg7 112. Qh1 Kf8 113. Qg1 Kg7 114. Qe1
Qd5 115. Qf1 e6 116. Bd3 Qg5+ 117. Kf3 Qd5+ 118. Ke2 Qa2+ 119. Kd1 Qa1+ 120.
Ke2 Qa2+ 121. Ke1 Qa5+ 122. Kf2 Qg5 123. Qh3 Qh4+ 124. Qxh4 Bxh4+ 125. Kf3 Kf6
126. Bc2 Bg5 127. Ke2 Bh6 128. Bb3 Ke7 129. e4 e5 130. dxe5 Bg7 131. Kf3 Bh8
132. Kf4 Bg7 133. Kf5 Bh6 134. e6 Bg7 135. Kg5 Bf8 136. Kf5 Bh6 137. Ke5 Bg7+
138. Kf5 1/2-1/2

[Event "Reykjavik op"]
[Site "Reykjavik ISL"]
[Date "2018.03.12"]
[Round "7.46"]
[White "Atanasov, Anthony"]
[Black "Janzelj, Lara"]
[Result "1/2-1/2"]
[WhiteElo "1767"]
[BlackElo "2180"]
[PlyCount "87"]
[EventDate "2018.03.06"]
[EventType "swiss"]
[EventRounds "9"]
[EventCountry "ISL"]
[Source "Mark Crowther"]
[SourceDate "2018.03.19"]

1. d4 d5 2. Nf3 Nf6 3. e3 e6 4. Bd3 c5 5. b3 Nc6 6. Bb2 cxd4 7. exd4 Bd6 8.
Nbd2 O-O 9. a3 Nh5 10. g3 Nf6 11. O-O Ng4 12. Ne5 Ncxe5 13. dxe5 Bxe5 14. Bxe5
Nxe5 15. Bxh7+ Kxh7 16. Qh5+ Kg8 17. Qxe5 Bd7 18. c4 Bc6 19. Rfd1 Qb6 20. b4
Ba4 21. Re1 Rfd8 22. Qf4 dxc4 23. Nf3 Qd6 24. Qh4 Bc6 25. Ng5 Qd5 26. Re4 Qf5
27. Rf4 Qg6 28. Nxf7 Qxf7 29. Rxf7 Kxf7 30. Qxc4 Rd5 31. h4 Rad8 32. Re1 R8d6
33. Qf4+ Kg8 34. Kh2 Rd4 35. Qe5 R4d5 36. Qf4 Rd4 37. Qe3 Rd2 38. Qxa7 R6d4 39.
Kh3 e5 40. Rxe5 Bd7+ 41. Kg2 Bc6+ 42. Kh3 Bd7+ 43. Kg2 Bc6+ 44. Kh3 1/2-1/2

[Event "Reykjavik op"]
[Site "Reykjavik ISL"]
[Date "2018.03.13"]
[Round "8.46"]
[White "Birkisson, Bardur Orn"]
[Black "Atanasov, Anthony"]
[Result "1-0"]
[WhiteElo "2212"]
[BlackElo "1767"]
[PlyCount "87"]
[EventDate "2018.03.06"]
[EventType "swiss"]
[EventRounds "9"]
[EventCountry "ISL"]
[Source "Mark Crowther"]
[SourceDate "2018.03.19"]

1. d4 Nf6 2. Nf3 g6 3. Bg5 Bg7 4. Nbd2 d5 5. e3 O-O 6. Bd3 h6 7. Bh4 c5 8. c3
Be6 9. dxc5 Nfd7 10. Nb3 a5 11. a4 g5 12. Bg3 Na6 13. Bxa6 Rxa6 14. Nfd4 Qc8
15. Nxe6 fxe6 16. O-O Nxc5 17. Nxc5 Qxc5 18. h4 Bf6 19. Qd3 Kg7 20. h5 Kh8 21.
Qg6 Bg7 22. Be5 Rf6 23. Bxf6 exf6 24. e4 Rd6 25. Rad1 Qc6 26. exd5 Rxd5 27.
Rxd5 exd5 28. Re1 Qxa4 29. Re8+ Qxe8 30. Qxe8+ Kh7 31. Qb5 b6 32. Qxd5 Bf8 33.
Qf7+ Bg7 34. g4 b5 35. Kg2 b4 36. cxb4 a4 37. b5 a3 38. bxa3 Kh8 39. b6 Kh7 40.
b7 f5 41. gxf5 g4 42. Kg3 Kh8 43. b8=R+ Bf8 44. Rxf8# 1-0

[Event "Ontario-ch U20"]
[Site "Mississauga CAN"]
[Date "2018.01.27"]
[Round "1.2"]
[White "Atanasov, Anthony"]
[Black "Vettese, Nicholas"]
[Result "0-1"]
[WhiteElo "1904"]
[BlackElo "2295"]
[PlyCount "104"]
[EventDate "2018.01.27"]
[EventType "swiss"]
[EventRounds "5"]
[EventCountry "CAN"]

1. d4 Nf6 2. Nf3 g6 3. c4 Bg7 4. Bf4 d5 5. e3 O-O 6. Nc3 c5 7. Be2 Nc6 8. O-O
dxc4 9. d5 Na5 10. e4 Bg4 11. h3 Bxf3 12. Bxf3 Nd7 13. Be2 a6 14. a4 Bxc3 15.
bxc3 b5 16. e5 Nb3 17. Rb1 Nb6 18. axb5 axb5 19. Bf3 Na4 20. Qc2 Qa5 21. d6 Ra7
22. Bh6 Qxc3 23. Qxc3 Nxc3 24. Bxf8 Kxf8 25. Rb2 exd6 26. exd6 Rd7 27. Rc2 b4
28. Kh2 Rxd6 29. Bb7 Nd4 30. Rcc1 Ndb5 31. Ra1 Rb6 32. Bc8 b3 33. Rac1 b2 34.
Rc2 b1=Q 35. Rxb1 Nxb1 36. Rxc4 Rc6 37. Bd7 Nd6 38. Rc1 Rc7 39. Ba4 Na3 40. Rc3
Nab5 41. Rc1 c4 42. Bc2 Nd4 43. Bd1 c3 44. Rb1 c2 45. Rc1 cxd1=Q 46. Rxd1 N6f5
47. g4 Nh4 48. Kg3 Rc3+ 49. Kxh4 h6 50. f4 Ne6 51. f5 g5+ 52. Kh5 Rxh3# 0-1

[Event "Ontario-ch U20"]
[Site "Mississauga CAN"]
[Date "2018.01.27"]
[Round "2.3"]
[White "Wang, Constance"]
[Black "Atanasov, Anthony"]
[Result "1-0"]
[WhiteElo "2071"]
[BlackElo "1904"]
[PlyCount "59"]
[EventDate "2018.01.27"]
[EventType "swiss"]
[EventRounds "5"]
[EventCountry "CAN"]

1. e4 c5 2. Nf3 d6 3. d4 cxd4 4. Nxd4 Nf6 5. Nc3 a6 6. Bg5 Nbd7 7. Bc4 Qc7 8.
Qe2 h6 9. Bh4 Qb6 10. O-O-O Ne5 11. Bb3 Bd7 12. Bxf6 gxf6 13. f4 Ng6 14. Nd5
Qd8 15. Qc4 e6 16. Nc7+ Qxc7 17. Qxc7 Be7 18. Qxb7 Rd8 19. f5 Nf8 20. Nc6 Rc8
21. Nxe7 Kxe7 22. Qxa6 Rc6 23. Qb7 Rg8 24. Ba4 Rc8 25. Qa6 Rxg2 26. Qxd6+ Kd8
27. Qxf8+ Kc7 28. Rxd7+ Kb6 29. Qb4+ Ka6 30. Qb5# 1-0

[Event "Ontario-ch U20"]
[Site "Mississauga CAN"]
[Date "2018.01.28"]
[Round "4"]
[White "Huang, Youhe"]
[Black "Atanasov, Anthony"]
[Result "0-1"]
[WhiteElo "1754"]
[BlackElo "1904"]
[PlyCount "82"]
[EventDate "2018.01.27"]
[EventType "swiss"]
[EventRounds "5"]
[EventCountry "CAN"]

1. e4 c5 2. Nf3 d6 3. d4 cxd4 4. Nxd4 Nf6 5. Nc3 a6 6. Bg5 Nbd7 7. f4 Qc7 8.
Qf3 h6 9. Bh4 g5 10. fxg5 hxg5 11. Bg3 b5 12. Bd3 Nc5 13. O-O Bb7 14. Nf5 O-O-O
15. b4 Ncd7 16. Ne2 g4 17. Qe3 e6 18. Nfd4 Bh6 19. Qf2 Bxe4 20. Bxb5 e5 21.
Bxa6+ Bb7 22. Nb5 Qb8 23. Na7+ Kc7 24. b5 Bxa6 25. bxa6 Ne4 26. Nb5+ Qxb5 27.
Qa7+ Kc6 28. Nd4+ exd4 29. Rab1 Be3+ 30. Bf2 Bxf2+ 31. Rxf2 Qxb1+ 32. Rf1 Qb6
33. Qxb6+ Kxb6 34. Rxf7 Kxa6 35. Rf4 Ndf6 36. g3 d5 37. Kg2 Rh3 38. Rxg4 Rxh2+
39. Kxh2 Nxg4+ 40. Kg2 Ng5 41. a4 Rf8 0-1

[Event "Ontario-ch U20"]
[Site "Mississauga CAN"]
[Date "2018.01.28"]
[Round "5"]
[White "Atanasov, Anthony"]
[Black "Ning, Eric"]
[Result "0-1"]
[WhiteElo "1904"]
[BlackElo "1973"]
[PlyCount "94"]
[EventDate "2018.01.27"]
[EventType "swiss"]
[EventRounds "5"]
[EventCountry "CAN"]

1. d4 Nf6 2. Nf3 g6 3. c4 Bg7 4. Bf4 O-O 5. Nc3 d5 6. e3 c5 7. Be2 cxd4 8. exd4
Nc6 9. O-O Bf5 10. a3 Rc8 11. h3 h5 12. Rc1 Kh8 13. c5 Ne4 14. Na4 e6 15. Be3
Bf6 16. b4 Kg7 17. b5 Ne7 18. Bf4 g5 19. Be5 Ng6 20. Bh2 Rh8 21. b6 a5 22. c6
Rxc6 23. Bc7 Rxc1 24. Qxc1 Qc8 25. Qb2 Rh7 26. Rc1 Qa8 27. Bb5 g4 28. Nh2 Bg5
29. Rc5 Nf4 30. h4 Bxh4 31. Bxf4 Bxf2+ 32. Kf1 g3 33. Nf3 h4 34. Ng1 h3 35.
gxh3 Bxh3+ 36. Nxh3 Rxh3 37. Rc1 Rh1+ 38. Kg2 Rh2+ 39. Kf3 Qh8 40. Be5+ f6 41.
Bxf6+ Kxf6 42. Ke2 Bxd4+ 43. Kd3 Bxb2 44. Rf1+ Nf2+ 45. Kc2 Ke7 46. Nxb2 Ne4+
47. Kd3 Qc3# 0-1

[Event "Wch U10"]
[Site "Pocos de Caldas BRA"]
[Date "2017.08.23"]
[Round "3.4"]
[White "Atanasov, Anthony"]
[Black "Patole, Noam"]
[Result "1-0"]
[WhiteElo "1766"]
[BlackElo "1934"]
[PlyCount "68"]
[EventDate "2017.08.22"]
[EventType "swiss"]
[EventRounds "11"]
[EventCountry "BRA"]
[Source "Chess Mix"]
[SourceDate "2017.09.10"]

1. d4 d5 2. Nf3 Nf6 3. e3 Bf5 4. Bd3 e6 5. Bxf5 exf5 6. c4 c6 7. cxd5 cxd5 8.
Qc2 Ne4 9. Nc3 Bb4 10. O-O O-O 11. Qb3 Bxc3 12. bxc3 b6 13. Ba3 Re8 14. Rfd1
Nc6 15. Qc2 Rc8 16. Ne1 Na5 17. Bb4 Nc4 18. a4 a5 19. Ba3 Qc7 20. Rdc1 Re6 21.
h3 Rc6 22. Nd3 g5 23. Kh1 g4 24. Nf4 Nxa3 25. Rxa3 Rxc3 26. Rxc3 Qxc3 27. Qxc3
Rxc3 28. Rb1 Nxf2+ 29. Kg1 Ne4 30. Nxd5 Ra3 31. Ne7+ Kf8 32. Nxf5 Rxa4 33. d5
Nc3 34. Rf1 Nxd5 1-0

[Event "Wch U10"]
[Site "Pocos de Caldas BRA"]
[Date "2017.08.24"]
[Round "4.3"]
[White "Bharath, Subramaniyam H"]
[Black "Atanasov, Anthony"]
[Result "1-0"]
[WhiteElo "2209"]
[BlackElo "1766"]
[PlyCount "75"]
[EventDate "2017.08.22"]
[EventType "swiss"]
[EventRounds "11"]
[EventCountry "BRA"]
[Source "Chess Mix"]
[SourceDate "2017.09.10"]

1. e4 c5 2. Nf3 d6 3. d4 cxd4 4. Nxd4 Nf6 5. Nc3 a6 6. Bg5 Nbd7 7. Bc4 Qb6 8.
Bb3 e6 9. O-O Be7 10. Kh1 h6 11. Be3 Qa5 12. Qd2 Nc5 13. f3 O-O 14. Nd5 Qd8 15.
Nxe7+ Qxe7 16. Rad1 Rd8 17. Nc6 bxc6 18. Bxc5 Qb7 19. e5 Ne8 20. exd6 Bd7 21.
c4 Rdb8 22. Qd3 g6 23. Qe3 Kh7 24. Qf4 f6 25. Be3 g5 26. Qe4+ f5 27. Qe5 Ng7
28. h4 Nh5 29. hxg5 hxg5 30. g4 Ng7 31. Kg2 Kg6 32. Rh1 c5 33. Bxg5 Rf8 34.
Rh6+ Kxg5 35. Rdh1 Be8 36. Kg3 Nh5+ 37. R1xh5+ Bxh5 38. Qf4# 1-0

[Event "Wch U10"]
[Site "Pocos de Caldas BRA"]
[Date "2017.08.25"]
[Round "5.8"]
[White "Atanasov, Anthony"]
[Black "Hoang, Minh Hieu"]
[Result "1/2-1/2"]
[WhiteElo "1766"]
[BlackElo "1606"]
[PlyCount "142"]
[EventDate "2017.08.22"]
[EventType "swiss"]
[EventRounds "11"]
[EventCountry "BRA"]
[Source "Chess Mix"]
[SourceDate "2017.09.10"]

1. d4 d5 2. Nf3 Nf6 3. e3 Bf5 4. Bd3 Bg6 5. Bxg6 hxg6 6. c4 c6 7. Qb3 Qb6 8.
Bd2 e6 9. c5 Qxb3 10. axb3 Nbd7 11. b4 a6 12. Bc3 Be7 13. Ke2 O-O-O 14. Nbd2
Rde8 15. Ng5 Rhf8 16. f4 Ng4 17. Ngf3 Bd8 18. Nb3 Bc7 19. h3 Nh6 20. Nc1 Re7
21. Nd3 Rfe8 22. Nh4 Nf5 23. Be1 Nxh4 24. Bxh4 f6 25. Kd2 Rh8 26. g3 Rh5 27.
Raf1 g5 28. Bxg5 fxg5 29. g4 Rh8 30. fxg5 e5 31. b3 g6 32. Kc3 e4 33. Nf2 Rf7
34. Kd2 Bg3 35. Ke2 Bh4 36. Nxe4 Rxf1 37. Nd6+ Kc7 38. Rxf1 Rf8 39. Rf7 Bxg5
40. Rg7 Bh4 41. Rxg6 Rf2+ 42. Kd3 Rb2 43. Kc3 Rh2 44. Rg8 Nf6 45. Rg7+ Kd8 46.
Nxb7+ Ke8 47. Nd6+ Kf8 48. Rc7 Bg3 49. b5 Bxd6 50. cxd6 a5 51. e4 Nxe4+ 52. Kd3
Rxh3+ 53. Kc2 Nxd6 54. b6 Re3 55. Rxc6 Nb7 56. Rc7 Re7 57. Rc6 Kf7 58. g5 Re2+
59. Kc3 Re6 60. Rc7+ Re7 61. b4 a4 62. b5 a3 63. Kb3 a2 64. Kxa2 Nd6 65. Kb1
Nb7 66. Kb2 Nd6 67. Ka2 Nb7 68. Ka3 Ke6 69. Kb4 Kf7 70. Kb3 Ke6 71. Kb4 Kf7
1/2-1/2

[Event "Wch U10"]
[Site "Pocos de Caldas BRA"]
[Date "2017.08.27"]
[Round "6.9"]
[White "Atanasov, Anthony"]
[Black "Rama, Tejas"]
[Result "1/2-1/2"]
[WhiteElo "1766"]
[BlackElo "1528"]
[PlyCount "138"]
[EventDate "2017.08.22"]
[EventType "swiss"]
[EventRounds "11"]
[EventCountry "BRA"]
[Source "Chess Mix"]
[SourceDate "2017.09.10"]

1. d4 Nf6 2. Nf3 g6 3. c4 c5 4. d5 d6 5. Nc3 Bg7 6. Bf4 Nh5 7. Bd2 O-O 8. e3 e5
9. Qc2 f5 10. e4 f4 11. Be2 Bd7 12. h3 a6 13. Nh2 Nf6 14. a3 Qc7 15. a4 b6 16.
a5 bxa5 17. Ng4 Be8 18. Nd1 Nfd7 19. Bxa5 Nb6 20. Nc3 N8d7 21. Na4 Bf7 22. Ra3
Qa7 23. Nh2 Rab8 24. Nc3 Nc8 25. O-O Ndb6 26. Rfa1 Bf6 27. Ng4 Bg5 28. b3 Nd7
29. Nh2 Kh8 30. Nb1 Qb7 31. Bc3 Ra8 32. Nd2 Bf6 33. Qa2 Nb8 34. Kh1 Bh4 35. Kg1
Kg8 36. Qb2 Qb6 37. Ba5 Qa7 38. Bc3 Qb6 39. Qa2 Kh8 40. Qb2 Kg8 41. R1a2 Nd7
42. Qa1 Nb8 43. Ng4 Be8 44. Nf3 Be7 45. Kh1 h5 46. Ngh2 Qc7 47. Nd2 Bh4 48. Qg1
Qd7 49. Ndf3 Bf6 50. Nd2 Kh7 51. Qd1 Kh6 52. Ndf1 g5 53. g4 Ne7 54. f3 Kg7 55.
Kg2 Ng6 56. Be1 Rh8 57. Nd2 Bd8 58. Bf1 Kg8 59. Kg1 Qh7 60. Qe2 Bd7 61. Bg2 Bc8
62. Ra1 Nd7 63. R1a2 Nf6 64. Qf2 Qg7 65. Ra1 Qf8 66. R3a2 Ra7 67. Rb2 a5 68.
Rc1 Rhh7 69. Ra2 Rhb7 1/2-1/2

[Event "Wch U10"]
[Site "Pocos de Caldas BRA"]
[Date "2017.08.28"]
[Round "7.11"]
[White "Prestia, Frank"]
[Black "Atanasov, Anthony"]
[Result "0-1"]
[WhiteElo "1609"]
[BlackElo "1766"]
[PlyCount "100"]
[EventDate "2017.08.22"]
[EventType "swiss"]
[EventRounds "11"]
[EventCountry "BRA"]
[Source "Chess Mix"]
[SourceDate "2017.09.10"]

1. d4 Nf6 2. c4 g6 3. Nc3 d5 4. cxd5 Nxd5 5. e4 Nxc3 6. bxc3 Bg7 7. Bc4 c5 8.
Be3 O-O 9. Ne2 Nc6 10. O-O Qc7 11. Qc1 Rd8 12. Rd1 Na5 13. Bd3 b6 14. Bh6 e5
15. Bxg7 Kxg7 16. dxe5 Qxe5 17. f4 Qc7 18. c4 Nc6 19. f5 f6 20. Nf4 Nd4 21.
fxg6 hxg6 22. e5 Qxe5 23. Re1 Qd6 24. Be4 Bf5 25. Bxa8 Rxa8 26. Ne2 Nc2 27. Rd1
Qe5 28. Ng3 Nxa1 29. Rd5 Qe6 30. Qxa1 Qe3+ 31. Kh1 Bg4 32. Nf1 Qf4 33. Nd2 Re8
34. h3 Qf2 35. Kh2 Bxh3 36. Qf1 Qxf1 37. Nxf1 Be6 38. Rd6 Bxc4 39. Nd2 Bxa2 40.
Rd7+ Kh6 41. Rxa7 Bd5 42. Rd7 Re5 43. Rd6 Rg5 44. g4 Re5 45. Kg3 Kg5 46. Rxb6
Re2 47. Nf1 f5 48. gxf5 gxf5 49. Rb5 f4+ 50. Kh3 Be6# 0-1

[Event "Wch U10"]
[Site "Pocos de Caldas BRA"]
[Date "2017.08.28"]
[Round "8.5"]
[White "Maurizzi, Marc Andria"]
[Black "Atanasov, Anthony"]
[Result "1/2-1/2"]
[WhiteElo "1947"]
[BlackElo "1766"]
[PlyCount "99"]
[EventDate "2017.08.22"]
[EventType "swiss"]
[EventRounds "11"]
[EventCountry "BRA"]
[Source "Chess Mix"]
[SourceDate "2017.09.10"]

1. e4 c5 2. Nc3 a6 3. g3 e6 4. Bg2 Nc6 5. Nge2 Nf6 6. d4 cxd4 7. Nxd4 d6 8. O-O
Be7 9. h3 O-O 10. Be3 Bd7 11. Nb3 Ne5 12. Qe2 b5 13. a3 Nc4 14. e5 dxe5 15.
Bxa8 Qxa8 16. Bc5 Bxc5 17. Nxc5 Bc6 18. b3 Bf3 19. Qe1 Nxa3 20. Rxa3 b4 21.
Rxa6 Qc8 22. N3a4 e4 23. Kh2 e5 24. Rxf6 gxf6 25. Nxe4 Qf5 26. Nac5 Rd8 27. Qe3
h5 28. Rg1 Kg7 29. Nb7 Rh8 30. Nbd6 Qg4 31. Nd2 Ba8 32. Ra1 Qe6 33. Qd3 Rf8 34.
Nf5+ Kg8 35. Ne3 Qc6 36. Qf5 Rd8 37. Ndc4 h4 38. Qg4+ Kf8 39. Qxh4 Qf3 40. g4
Qe2 41. Rxa8 Rxa8 42. Qh8+ Ke7 43. Nf5+ Kd7 44. Qxa8 Qxf2+ 45. Qg2 Qf4+ 46. Qg3
Qc1 47. Qd3+ Ke8 48. Nce3 e4 49. Qd6 Qg1+ 50. Kxg1 1/2-1/2

[Event "Wch U10"]
[Site "Pocos de Caldas BRA"]
[Date "2017.08.29"]
[Round "9.6"]
[White "Atanasov, Anthony"]
[Black "Ye, Luke Sicong"]
[Result "1-0"]
[WhiteElo "1766"]
[BlackElo "1813"]
[PlyCount "125"]
[EventDate "2017.08.22"]
[EventType "swiss"]
[EventRounds "11"]
[EventCountry "BRA"]
[Source "Chess Mix"]
[SourceDate "2017.09.10"]

1. d4 Nf6 2. Nf3 g6 3. c4 Bg7 4. Bf4 d5 5. Nc3 c5 6. dxc5 Qa5 7. cxd5 Nxd5 8.
Qxd5 Bxc3+ 9. Bd2 Bxd2+ 10. Qxd2 Qxd2+ 11. Nxd2 Be6 12. e3 Nd7 13. Bb5 a6 14.
Ba4 Rc8 15. b4 O-O 16. Nf3 a5 17. a3 Nb8 18. Nd4 Bd5 19. O-O Na6 20. Rab1 Rfd8
21. f3 e5 22. Nb5 Bc6 23. Rfd1 Rxd1+ 24. Rxd1 axb4 25. axb4 Nxb4 26. Nd6 Bxa4
27. Rb1 Rxc5 28. Rxb4 b5 29. Kf2 f5 30. g4 fxg4 31. Rxg4 Kg7 32. Kg3 Rc3 33.
Re4 Kf6 34. Rxa4 Rxe3 35. Nxb5 h5 36. h4 Rd3 37. Ra6+ Kg7 38. Nd6 Rd5 39. Ne4
Rd7 40. Re6 Rd5 41. Re7+ Kf8 42. Ra7 Rb5 43. Kf2 Rb2+ 44. Kg3 Rb1 45. Nf6 Rg1+
46. Kf2 Rh1 47. Nd7+ Ke7 48. Nxe5+ Kf6 49. Nd7+ Ke7 50. Nc5+ Kd6 51. Ne4+ Ke5
52. Re7+ Kf4 53. Rf7+ Ke5 54. Kg3 Rg1+ 55. Kh2 Re1 56. f4+ Kd5 57. Ng5 Ra1 58.
Rd7+ Kc6 59. Rg7 Rf1 60. Rxg6+ Kd7 61. Nh3 Ke7 62. Rh6 Kf7 63. Rxh5 1-0

[Event "Wch U10"]
[Site "Pocos de Caldas BRA"]
[Date "2017.08.30"]
[Round "10.1"]
[White "Zhou, Liran"]
[Black "Atanasov, Anthony"]
[Result "1/2-1/2"]
[WhiteElo "1897"]
[BlackElo "1766"]
[PlyCount "121"]
[EventDate "2017.08.22"]
[EventType "swiss"]
[EventRounds "11"]
[EventCountry "BRA"]
[Source "Chess Mix"]
[SourceDate "2017.09.10"]

1. e4 c5 2. Nf3 d6 3. d4 cxd4 4. Nxd4 Nf6 5. Nc3 a6 6. h3 e5 7. Nde2 Nc6 8. g4
h6 9. Bg2 Be7 10. O-O O-O 11. Ng3 Re8 12. Be3 b5 13. Qd2 Na5 14. b3 Qc7 15.
Rad1 Nb7 16. f4 exf4 17. Bxf4 Rd8 18. Nf5 Bxf5 19. exf5 Rac8 20. Ne2 Nc5 21.
Nd4 Nce4 22. Qd3 Nc3 23. Rde1 Nxa2 24. Nc6 Re8 25. Kh2 Qd7 26. Ra1 Rxc6 27.
Bxc6 Qxc6 28. Rxa2 Nd5 29. Bd2 Bf6 30. Qf3 Be5+ 31. Kh1 Bd4 32. Re1 Rxe1+ 33.
Bxe1 Qe8 34. Bd2 Nc7 35. c3 Be5 36. Ra1 f6 37. Rb1 Qf7 38. Be1 Kh7 39. Bf2 Nd5
40. Bd4 Nf4 41. Be3 Nd5 42. Bd2 Nb6 43. Qc6 Nd7 44. c4 Nc5 45. Qd5 Qc7 46. cxb5
axb5 47. Rc1 Qa7 48. b4 Qa3 49. bxc5 Qxh3+ 50. Kg1 Qxg4+ 51. Kf2 Bd4+ 52. Ke1
dxc5 53. Qe6 c4 54. Qe2 Qg1+ 55. Qf1 Qg3+ 56. Ke2 Qd3+ 57. Ke1 Qe4+ 58. Kd1
Qg4+ 59. Kc2 Qe4+ 60. Kd1 Qg4+ 61. Qe2 1/2-1/2

[Event "Wch U10"]
[Site "Pocos de Caldas BRA"]
[Date "2017.08.31"]
[Round "11.5"]
[White "Atanasov, Anthony"]
[Black "Vidyarthi, Vyom"]
[Result "1/2-1/2"]
[WhiteElo "1766"]
[BlackElo "1824"]
[PlyCount "87"]
[EventDate "2017.08.22"]
[EventType "swiss"]
[EventRounds "11"]
[EventCountry "BRA"]
[Source "Chess Mix"]
[SourceDate "2017.09.10"]

1. d4 d5 2. Nf3 Nf6 3. e3 Bf5 4. Bd3 e6 5. O-O Bxd3 6. Qxd3 c5 7. c3 Nc6 8.
Nbd2 Bd6 9. e4 cxd4 10. Nxd4 O-O 11. exd5 Nxd4 12. Qxd4 Nxd5 13. Nf3 Qc7 14.
Qg4 Bf4 15. Rd1 Bxc1 16. Raxc1 Nf4 17. Nd4 h5 18. Qf3 g6 19. g3 Nh3+ 20. Kg2
Ng5 21. Qe3 Qc5 22. h4 Nh7 23. Qf3 Rad8 24. Rc2 Qd5 25. Qxd5 Rxd5 26. Rcd2 Rfd8
27. Nb3 Nf6 28. Rxd5 Nxd5 29. Kf3 Rc8 30. Nd4 a6 31. Nb3 b5 32. Rd4 Kf8 33. Ke2
Ke7 34. Na5 Nb6 35. Kd1 Rc5 36. Nb3 Rf5 37. Rd2 Nc4 38. Nd4 Rd5 39. Re2 Kd6 40.
Kc2 Re5 41. b3 Rxe2+ 42. Nxe2 Ne5 43. Kd2 Kd5 44. Ke3 1/2-1/2

[Event "CAN-ch U20"]
[Site "Mississauga CAN"]
[Date "2017.08.09"]
[Round "1.7"]
[White "Atanasov, Anthony"]
[Black "Liang, Hairan"]
[Result "0-1"]
[WhiteElo "1884"]
[BlackElo "2231"]
[PlyCount "74"]
[EventDate "2017.08.09"]
[EventType "swiss"]
[EventRounds "7"]
[EventCountry "CAN"]

1. d4 Nf6 2. Nf3 e6 3. e3 b6 4. c3 Bb7 5. Bd3 d5 6. O-O Bd6 7. Nbd2 O-O 8. Qc2
c5 9. dxc5 bxc5 10. e4 Qc7 11. Re1 Nbd7 12. h3 Rac8 13. exd5 exd5 14. Nf1 h6
15. Ne3 Rfe8 16. Bd2 Nh5 17. Nf5 Bf8 18. Qa4 c4 19. Rxe8 Rxe8 20. Bb1 Nhf6 21.
Qc2 Nc5 22. g3 Nd3 23. Be3 Bc8 24. N3d4 Qe5 25. Nh4 Bxh3 26. Nc6 Qh5 27. Nd4 g5
28. Nhf3 Bc5 29. Qa4 Bxd4 30. Nxd4 Ne5 31. Bf5 Nf3+ 32. Nxf3 Bxf5 33. Qc6 Qxf3
34. Qxf6 Rxe3 35. fxe3 Qxg3+ 36. Kh1 Be4+ 37. Qf3 Bxf3# 0-1

[Event "CAN-ch U20"]
[Site "Mississauga CAN"]
[Date "2017.08.10"]
[Round "2.16"]
[White "Tao, Ellen"]
[Black "Atanasov, Anthony"]
[Result "0-1"]
[WhiteElo "1618"]
[BlackElo "1884"]
[PlyCount "104"]
[EventDate "2017.08.09"]
[EventType "swiss"]
[EventRounds "7"]
[EventCountry "CAN"]

1. e4 c5 2. Nf3 d6 3. d4 cxd4 4. Nxd4 Nf6 5. Nc3 e5 6. Nf3 Be7 7. Qd2 Be6 8. b3
a6 9. Ba3 Qc7 10. O-O-O Nbd7 11. Ng5 Rc8 12. Kb2 Nc5 13. Bxc5 Qxc5 14. Nxe6
fxe6 15. f3 d5 16. Na4 Qc7 17. Qc3 Qxc3+ 18. Nxc3 Bb4 19. Nb1 dxe4 20. c3 Bc5
21. Bc4 Ke7 22. fxe4 Ng4 23. Rd2 b5 24. Bd3 Be3 25. Re2 Nf2 26. Rf1 Nxd3+ 27.
Kc2 Nb4+ 28. Kb2 Bd4 29. cxd4 exd4 30. e5 Nd5 31. Rd2 Ne3 32. Rf4 Rcd8 33. h3
d3 34. Na3 Rd5 35. Re4 Nf1 36. Rd1 d2 37. Nb1 Rd3 38. Re2 Rhd8 39. Ka3 Ne3 40.
Rdxd2 Nc4+ 41. Kb4 Nxd2 42. Nxd2 Rxd2 43. Re3 Rxg2 44. a3 Ra2 45. Rg3 g6 46.
Kc3 Rxa3 47. Kb2 b4 48. Rg4 Rd3 49. Rxb4 Rdxb3+ 50. Rxb3 Rxb3+ 51. Kxb3 g5 52.
Kc4 h5 0-1

[Event "CAN-ch U20"]
[Site "Mississauga CAN"]
[Date "2017.08.10"]
[Round "3.7"]
[White "Atanasov, Anthony"]
[Black "Zhao, Harry"]
[Result "0-1"]
[WhiteElo "1884"]
[BlackElo "2195"]
[PlyCount "112"]
[EventDate "2017.08.09"]
[EventType "swiss"]
[EventRounds "7"]
[EventCountry "CAN"]

1. d4 d5 2. Nf3 Nf6 3. e3 c5 4. c3 Nc6 5. Bd3 Bg4 6. Nbd2 e5 7. dxe5 Nxe5 8.
Qa4+ Bd7 9. Qc2 Nxd3+ 10. Qxd3 Be7 11. e4 dxe4 12. Nxe4 O-O 13. Nxf6+ Bxf6 14.
O-O Qc8 15. Bf4 Rd8 16. Ne5 Bf5 17. Qf3 Qe6 18. Rfe1 Qd5 19. Qxd5 Rxd5 20. Nc4
Be6 21. Nd6 Rd8 22. Nxb7 R8d7 23. Na5 Rf5 24. Bg3 h5 25. Bb8 Rd2 26. Rf1 Rxb2
27. Bxa7 Bxc3 28. Nc6 Rb7 29. Rac1 Bb2 30. Rb1 Kh7 31. a3 Bd5 32. Rxb2 Rxb2 33.
Ne7 Rg5 34. g3 Bf3 35. Nc8 Rb7 36. Bb6 Rb8 37. h4 Rg6 38. Ne7 Rgxb6 39. Nf5 Rb1
40. Ne3 Rxf1+ 41. Nxf1 Rb1 42. a4 c4 43. a5 c3 44. g4 Rxf1+ 45. Kxf1 c2 46. Kg1
c1=Q+ 47. Kh2 Qf4+ 48. Kg1 Qxg4+ 49. Kf1 Qg2+ 50. Ke1 Qg1+ 51. Kd2 Qxf2+ 52.
Kd3 Qe2+ 53. Kd4 Qe4+ 54. Kc5 Qd5+ 55. Kb6 Qc6+ 56. Ka7 Qb7# 0-1